| 000 | 00944cab a2200241 4500 | ||
|---|---|---|---|
| 001 | ABS60029 | ||
| 008 | 090401t1999 xxu||||| |||| 00| 0 eng d | ||
| 035 | _a(Sirsi) u90749 | ||
| 041 | _aeng | ||
| 100 | _aHoneyman Brown, C. | ||
| 245 | _aWhen a merger is the right business move | ||
| 260 | _c1999 | ||
| 350 | _a0 | ||
| 490 |
_aProperty Week _v64(2) 15 January 1999, 30-31(2) |
||
| 520 | _aLooks at the ingredients for a successful merger, including sections on identifying targets and initiating the merger process, negotiating and communicating the proposal and post-merger integration. Argues that careful management is of prime importance, and that all aspects of the process require detailed planning. | ||
| 650 | _aCHANGE MANAGEMENT | ||
| 650 | _aMERGERS | ||
| 650 | _aPARTNERSHIPS | ||
| 650 | _aPRACTICE MANAGEMENT | ||
| 690 | _aMANAGEMENT-BUSINESS MANAGEMENT-PROFESSIONAL PRACTICE | ||
| 942 | _n0 | ||
| 948 | _c18/01/1999 | ||
| 999 |
_c57547 _d57547 |
||